[Event "German Masters (Women)"]
[Site "Rosenheim"]
[Date "2023.12.12"]
[Round "2"]
[White "Lubbe, Melanie"]
[Black "Klek, Hanna Marie"]
[Result "0-1"]
[WhiteElo "2257"]
[BlackElo "2236"]
[PlyCount "152"]
[EventDate "2023.12.11"]
[EventType "tourn"]
[EventRounds "9"]
[EventCountry "GER"]
[EventCategory "2"]
[SourceTitle "CB51_2023"]
[SourceDate "2023.12.20"]
[SourceVersion "1"]
[SourceVersionDate "2023.12.20"]
[SourceQuality "1"]

1. e4 c5 2. Nc3 Nc6 3. Nge2 e5 4. Nd5 d6 5. Nec3 Be6 6. Bc4 Nf6 7. d3 Be7 8. 0-0 Rb8 9. a4 Nd4 10. f4 exf4 11. Bxf4 Nxd5 12. Nxd5 0-0 13. c3 Nc6 14. Qh5 Qd7 15. Ne3 Rbd8 16. Bd5 Bf6 17. Bg5 Bxg5 18. Qxg5 Rde8 19. Qg3 Ne7 20. Bxe6 fxe6 21. a5 Ng6 22. d4 cxd4 23. cxd4 Qc6 24. Qg4 Rxf1+ 25. Rxf1 Qa4 26. Qd1 Qb4 27. a6 Qxb2 28. axb7 Qxb7 29. Qd3 Rf8 30. Rxf8+ Kxf8 31. d5 exd5 32. Nxd5 Ne5 33. Qc2 h6 34. h3 Kg8 35. Qa4 Kh7 36. Kh2 Qf7 37. Qa2 Kh8 38. Qb2 Kh7 39. Qa2 Qd7 40. Qa3 Kh8 41. Qa6 Ng6 42. Kh1 Ne7 43. Nc3 Qc7 44. Nb5 Qc1+ 45. Kh2 Qf4+ 46. Kg1 Qe3+ 47. Kh2 Qf4+ 48. Kg1 Qxe4 49. Nxd6 Qc6 50. Qa3 Qd5 51. Ne8 Qd4+ 52. Kh1 Ng6 53. Nd6 Qf2 54. Qa6 Nh4 55. Qc6 Qf1+ 56. Kh2 Qf4+ 57. Kh1 Kh7 58. Qc2+ Ng6 59. Nc8 Qf1+ 60. Kh2 Qf4+ 61. Kh1 Qe5 62. Kg1 a5 63. Kh1 Qa1+ 64. Kh2 a4 65. h4 Qe5+ 66. g3 a3 67. Kh3 Qe6+ 68. Kh2 a2 69. Qb2 Qxc8 70. Qxa2 Qf5 71. Qe2 Ne5 72. Kg2 Ng4 73. Kg1 Nf6 74. Kh2 Qe4 75. Qd2 Ng4+ 76. Kh3 Ne3 0-1

[Event "AUT-chT (Women) 2324"]
[Site "Austria"]
[Date "2023.11.25"]
[Round "2.1"]
[White "Klek, Hanna Marie"]
[Black "Rozman, Monika"]
[Result "0-1"]
[WhiteElo "2282"]
[BlackElo "2155"]
[PlyCount "102"]
[EventDate "2023.11.24"]
[EventType "team-tourn"]
[EventRounds "9"]
[EventCountry "AUT"]
[SourceTitle "CB48_2023"]
[SourceDate "2023.11.29"]
[SourceVersion "1"]
[SourceVersionDate "2023.11.29"]
[SourceQuality "1"]
[WhiteTeam "Schach ohne Grenzen (W)"]
[BlackTeam "Feffernitz (W)"]
[WhiteTeamCountry "AUT"]
[BlackTeamCountry "AUT"]

1. e4 c5 2. Nf3 d6 3. d4 cxd4 4. Nxd4 Nf6 5. Nc3 a6 6. Be3 e5 7. Nb3 Be6 8. Qd2 Be7 9. f3 b5 10. 0-0-0 Nc6 11. g4 Na5 12. g5 Nd7 13. Nd5 Nxb3+ 14. cxb3 Bxd5 15. Qxd5 Bxg5 16. Bxg5 Qxg5+ 17. Kb1 0-0 18. Bh3 Nf6 19. Qxd6 Qh5 20. Bf5 Qxf3 21. Rhg1 Kh8 22. Qxe5 Rad8 23. Rde1 Rd2 24. Rc1 Re8 25. Qg3 Qxg3 26. hxg3 g6 27. Rc6 gxf5 28. Rxf6 fxe4 29. Rxf7 Kg8 30. Rc7 e3 31. Kc1 Rf2 32. Re1 Rg2 33. Rc6 Rxg3 34. Rxa6 h5 35. a4 h4 36. Rh6 Rg4 37. axb5 Kg7 38. Rc6 h3 39. Rc4 Rg2 40. Rh4 h2 41. b6 Rc8+ 42. Rc4 Rxc4+ 43. bxc4 Rg1 44. b7 Rxe1+ 45. Kc2 h1Q 46. b8Q Re2+ 47. Kd3 Rd2+ 48. Kxe3 Qe1+ 49. Kf4 Rf2+ 50. Kg4 Qg1+ 51. Kh3 Rf3+ 0-1

[Event "EU-chT (Women) 24th"]
[Site "Budva"]
[Date "2023.11.15"]
[Round "5.4"]
[White "Klek, Hanna Marie"]
[Black "Mammadova, Gulnar Marfat Qizi"]
[Result "1/2-1/2"]
[WhiteElo "2282"]
[BlackElo "2350"]
[PlyCount "90"]
[EventDate "2023.11.11"]
[EventType "team-swiss"]
[EventRounds "9"]
[EventCountry "MNE"]
[SourceTitle "CB47_2023"]
[SourceDate "2023.11.22"]
[SourceVersion "1"]
[SourceVersionDate "2023.11.22"]
[SourceQuality "1"]
[WhiteTeam "Germany (W)"]
[BlackTeam "Azerbaijan (W)"]
[WhiteTeamCountry "GER"]
[BlackTeamCountry "AZE"]

1. e4 e5 2. Nf3 Nc6 3. Bc4 Nf6 4. d3 Bc5 5. a4 a5 6. 0-0 0-0 7. Nc3 h6 8. Be3 Bxe3 9. fxe3 d6 10. Qe1 Be6 11. Bxe6 fxe6 12. Qg3 Qe8 13. Nb5 Rc8 14. Qh3 Nd8 15. Nd2 Nf7 16. Nc4 b6 17. Qg3 Kh7 18. Rf2 Nh5 19. Qh4 Nf6 20. Nc3 Qd7 21. d4 exd4 22. exd4 Nh8 23. Raf1 Ng6 24. Qg3 Qc6 25. Qd3 e5 26. b3 exd4 27. Nd5 Nxd5 28. exd5 Qa8 29. h4 h5 30. Rf5 Kg8 31. Rxf8+ Nxf8 32. Qf5 Nh7 33. Qf7+ Kh8 34. Qxh5 Rf8 35. Re1 Qd8 36. Nd2 Qf6 37. Nf3 Kg8 38. Qg4 Qf5 39. Qe4 Qf7 40. Qxh7+ Kxh7 41. Ng5+ Kg6 42. Nxf7 Rxf7 43. Re4 d3 44. c4 d2 45. Rd4 Rf4 1/2-1/2

[Event "WchT (Women) Pool-B"]
[Site "Bydgoszcz"]
[Date "2023.09.07"]
[Round "3.3"]
[White "Klek, Hanna Marie"]
[Black "Kulon, Klaudia"]
[Result "0-1"]
[WhiteElo "2273"]
[BlackElo "2319"]
[PlyCount "66"]
[EventDate "2023.09.06"]
[EventType "team (rapid)"]
[EventRounds "5"]
[EventCountry "POL"]
[SourceTitle "EXT 2024"]
[Source "ChessBase"]
[SourceDate "2023.10.10"]
[SourceVersion "1"]
[SourceVersionDate "2023.10.10"]
[SourceQuality "1"]
[WhiteTeam "Germany (W)"]
[BlackTeam "Poland (W)"]
[WhiteTeamCountry "GER"]
[BlackTeamCountry "POL"]

1. e4 c5 2. Nf3 Nc6 3. d4 cxd4 4. Nxd4 Nf6 5. Nc3 d6 6. f3 e5 7. Nb3 Be6 8. Nd5 Be7 9. c3 0-0 10. Be3 a5 11. a4 Bxd5 12. exd5 Nb8 13. Bb5 Na6 14. 0-0 Nc7 15. c4 Nxb5 16. axb5 Nd7 17. Qe1 b6 18. Qg3 f5 19. f4 a4 20. Nd2 e4 21. Ra2 Bf6 22. Rfa1 Qc7 23. Rxa4 Rxa4 24. Rxa4 Nc5 25. Ra2 Nd3 26. Ra6 Rb8 27. b3 g6 28. Qh3 Qg7 29. Nxe4 Bd4 30. Ng5 Nxf4 31. Qf3 Qe5 32. Bxd4 Qe1+ 33. Qf1 Ne2+ 0-1

[Event "WchT (Women) Pool-B"]
[Site "Bydgoszcz"]
[Date "2023.09.06"]
[Round "1.2"]
[White "Klek, Hanna Marie"]
[Black "Pourkashiyan, Atousa"]
[Result "1/2-1/2"]
[WhiteElo "2273"]
[BlackElo "2288"]
[PlyCount "134"]
[EventDate "2023.09.06"]
[EventType "team (rapid)"]
[EventRounds "5"]
[EventCountry "POL"]
[SourceTitle "EXT 2024"]
[Source "ChessBase"]
[SourceDate "2023.10.10"]
[SourceVersion "1"]
[SourceVersionDate "2023.10.10"]
[SourceQuality "1"]
[WhiteTeam "Germany (W)"]
[BlackTeam "United States (W)"]
[WhiteTeamCountry "GER"]
[BlackTeamCountry "USA"]

1. e4 c5 2. Nf3 e6 3. d4 cxd4 4. Nxd4 a6 5. c4 Nf6 6. Nc3 Qc7 7. Be2 b6 8. 0-0 Bb7 9. f3 d6 10. Be3 Nbd7 11. Qd2 Be7 12. Rfc1 0-0 13. a4 Rac8 14. a5 bxa5 15. Nb3 Ne5 16. Nxa5 Ba8 17. Nd1 Nc6 18. Nxc6 Qxc6 19. b4 Rfd8 20. Qe1 Bb7 21. Nf2 Qe8 22. Bd4 Ra8 23. Qc3 Rdc8 24. Qb2 Nh5 25. Nd3 Bf6 26. e5 dxe5 27. Nxe5 Nf4 28. Bf1 Rd8 29. Bc3 Ng6 30. Re1 Qe7 31. Kh1 Nxe5 32. Bxe5 Bxe5 33. Rxe5 Qf6 34. Rae1 Qf4 35. Qf2 Rd2 36. R5e2 Rd4 37. Rc2 Rad8 38. Qg3 Kf8 39. Qxf4 Rxf4 40. Kg1 Rfd4 41. Kf2 Ke7 42. Ke3 e5 43. Rb1 f5 44. Rbb2 f4+ 45. Kf2 e4 46. fxe4 Bxe4 47. Re2 Kf6 48. c5 Rb8 49. Re1 Rbxb4 50. Rxb4 Rxb4 51. Bxa6 Bc6 52. Re2 Ra4 53. Bd3 g6 54. Rc2 Ke5 55. Be2 Ra7 56. Bf3 Rc7 57. Re2+ Kd4 58. Bxc6 Rxc6 59. Kf3 Rxc5 60. Kxf4 Rf5+ 61. Kg4 h5+ 62. Kg3 Kd5 63. h4 Re5 64. Rd2+ Ke6 65. Kf4 Rf5+ 66. Ke4 Re5+ 67. Kf4 Rf5+ 1/2-1/2

[Event "Belgrade Serbia op"]
[Site "Belgrade"]
[Date "2023.07.22"]
[Round "7"]
[White "Klek, Hanna Marie"]
[Black "Stanojevic, Ilija"]
[Result "1/2-1/2"]
[WhiteElo "2301"]
[BlackElo "2133"]
[PlyCount "46"]
[EventDate "2023.07.16"]
[EventType "swiss"]
[EventRounds "9"]
[EventCountry "SRB"]
[SourceTitle "CBM 215 Extra"]
[Source "ChessBase"]
[SourceDate "2023.09.30"]
[SourceVersion "1"]
[SourceVersionDate "2023.09.30"]
[SourceQuality "1"]

1. e4 c6 2. d4 d5 3. e5 Bf5 4. Nd2 e6 5. Nb3 Nd7 6. Nf3 h6 7. Be3 Ne7 8. Be2 Bg4 9. 0-0 Nf5 10. Rc1 Be7 11. c4 dxc4 12. Bxc4 Nb6 13. Bd3 Nd5 14. Bd2 a5 15. a4 Qb6 16. Rc4 Bxf3 17. gxf3 g6 18. Be4 Kf8 19. Qc2 Kg7 20. Qd3 Kh7 21. Kh1 Qd8 22. Rg1 Bf8 23. Rg4 Be7 1/2-1/2

[Event "Belgrade Serbia op"]
[Site "Belgrade"]
[Date "2023.07.20"]
[Round "5"]
[White "Klek, Hanna Marie"]
[Black "Andrijevic, Milan"]
[Result "1-0"]
[WhiteElo "2301"]
[BlackElo "2125"]
[PlyCount "69"]
[EventDate "2023.07.16"]
[EventType "swiss"]
[EventRounds "9"]
[EventCountry "SRB"]
[SourceTitle "CBM 215 Extra"]
[Source "ChessBase"]
[SourceDate "2023.09.30"]
[SourceVersion "1"]
[SourceVersionDate "2023.09.30"]
[SourceQuality "1"]

1. e4 c5 2. Nf3 a6 3. c3 d5 4. exd5 Qxd5 5. d4 e6 6. Bd3 cxd4 7. cxd4 Nf6 8. Nc3 Qd6 9. 0-0 Nc6 10. Re1 Be7 11. Ne2 0-0 12. Bf4 Qd8 13. Rc1 Nb4 14. Bb1 Nbd5 15. Bg5 h6 16. Bh4 Bd7 17. Ne5 Rc8 18. Nc3 Be8 19. Qd3 g6 20. Nxd5 Nxd5 21. Rxc8 Qxc8 22. Bxe7 Nxe7 23. Ng4 Kh7 24. Qa3 Qd8 25. d5 f5 26. Rxe6 fxg4 27. Qxe7+ Qxe7 28. Rxe7+ Kg8 29. Be4 Bf7 30. Rxb7 Kg7 31. Kf1 Rd8 32. Ke2 Kf6 33. Ke3 Bxd5 34. Bxd5 Rxd5 35. Rb6+ 1-0

[Event "EU-ch (Women) 23rd"]
[Site "Petrovac"]
[Date "2023.03.22"]
[Round "5"]
[White "Arabidze, Meri"]
[Black "Klek, Hanna Marie"]
[Result "1-0"]
[WhiteElo "2433"]
[BlackElo "2314"]
[PlyCount "251"]
[EventDate "2023.03.18"]
[EventType "swiss"]
[EventRounds "11"]
[EventCountry "MNE"]
[SourceTitle "CBM 213 Extra"]
[Source "ChessBase"]
[SourceDate "2023.05.31"]
[SourceVersion "1"]
[SourceVersionDate "2023.05.31"]
[SourceQuality "1"]

1. d4 Nf6 2. c4 e6 3. Nf3 d5 4. Nc3 Bb4 5. Qa4+ Nc6 6. e3 0-0 7. Bd2 dxc4 8. Bxc4 a6 9. Qc2 Bd6 10. 0-0 e5 11. dxe5 Nxe5 12. Nxe5 Bxe5 13. f4 Bd6 14. Bd3 Bd7 15. Ne4 h6 16. Nxf6+ Qxf6 17. e4 Qd4+ 18. Kh1 Rfd8 19. Bc3 Qb6 20. a3 Bb5 21. Rad1 Be7 22. h3 Bxd3 23. Rxd3 Rxd3 24. Qxd3 Qb5 25. Qf3 Rd8 26. Re1 Bf8 27. Qg4 Rd3 28. f5 Qb6 29. Rf1 Kh7 30. e5 Qb5 31. Re1 Qd5 32. e6 fxe6 33. fxe6 h5 34. Qh4 Bd6 35. Be5 Qxe6 36. Bxd6 Qxd6 37. Qxh5+ Qh6 38. Qf5+ Qg6 39. Qf4 Rb3 40. Re2 c5 41. Qc4 Rd3 42. Qxc5 b6 43. Qf2 Rd1+ 44. Re1 Rxe1+ 45. Qxe1 b5 46. Qe5 Qc6 47. Kh2 Kg6 48. h4 Qd7 49. Qg5+ Kh7 50. Qh5+ Kg8 51. Qe5 Qg4 52. g3 Kh7 53. Kg2 b4 54. a4 a5 55. b3 Qd1 56. Qe4+ Kg8 57. Qf3 Qc2+ 58. Kh3 Qc8+ 59. Qg4 Qc6 60. Qd1 Qe6+ 61. Kh2 Qe4 62. h5 Kh7 63. g4 Qf4+ 64. Kg2 Qe4+ 65. Qf3 Qc2+ 66. Kg3 Qc3 67. g5 Qe5+ 68. Kg4 Qd4+ 69. Kh3 Qc3 70. Qg3 Qd4 71. Qf3 Qc3 72. Kg4 Qd4+ 73. Qf4 Qd1+ 74. Kh4 Qh1+ 75. Kg3 Qg1+ 76. Kf3 Qd1+ 77. Ke4 Qxh5 78. Qf5+ Kg8 79. Qxa5 Qe2+ 80. Kd4 Qd2+ 81. Kc4 Qc3+ 82. Kb5 Qxb3 83. Qxb4 Qd5+ 84. Qc5 Qb7+ 85. Kc4 Qe4+ 86. Kb5 Qb7+ 87. Ka5 Qa8+ 88. Kb4 Qb7+ 89. Ka3 Qf3+ 90. Kb2 Qe2+ 91. Kb3 Qf3+ 92. Qc3 Qb7+ 93. Qb4 Qf3+ 94. Ka2 Qg2+ 95. Ka3 Qxg5 96. a5 Qc1+ 97. Ka4 Qc6+ 98. Kb3 Kh7 99. Qh4+ Kg6 100. Qg4+ Kh6 101. Qh3+ Kg5 102. Qe3+ Kh4 103. Qd4+ Kh5 104. Qb6 Qd5+ 105. Kb4 Qd2+ 106. Kb5 Qd3+ 107. Kc6 Qe4+ 108. Kd7 Qf5+ 109. Ke8 Qe4+ 110. Kf8 g5 111. a6 Qf5+ 112. Kg7 Qe5+ 113. Qf6 Qa5 114. Qf7+ Kh4 115. a7 g4 116. Qf6+ Kh3 117. Qh6+ Kg3 118. Qe3+ Kh2 119. Qf2+ Kh1 120. Qh4+ Kg2 121. Qxg4+ Kf2 122. Qf4+ Kg1 123. Qg3+ Kh1 124. Qf3+ Kh2 125. a8Q Qa1+ 126. Kf7 1-0

[Event "BL 2223 (Women)"]
[Site "Germany"]
[Date "2023.02.19"]
[Round "6.1"]
[White "Cyfka, Karina"]
[Black "Klek, Hanna Marie"]
[Result "1/2-1/2"]
[WhiteElo "2347"]
[BlackElo "2301"]
[PlyCount "38"]
[EventDate "2022.10.15"]
[EventType "team-tourn"]
[EventRounds "11"]
[EventCountry "GER"]
[SourceTitle "CBM 213 Extra"]
[Source "ChessBase"]
[SourceDate "2023.05.31"]
[SourceVersion "1"]
[SourceVersionDate "2023.05.31"]
[SourceQuality "1"]
[WhiteTeam "Leipzig Weissblau (W)"]
[BlackTeam "Deizisau (W)"]
[WhiteTeamCountry "GER"]
[BlackTeamCountry "GER"]

1. d4 Nf6 2. c4 e6 3. Nf3 d5 4. Nc3 a6 5. cxd5 exd5 6. Bg5 Be6 7. e3 Nbd7 8. Bd3 Bd6 9. 0-0 c6 10. Bf4 Qc7 11. Qd2 h6 12. Rac1 0-0 13. h3 Rfe8 14. a3 Nh5 15. Bxd6 Qxd6 16. Na4 Nhf6 17. Nc5 Nxc5 18. dxc5 Qe7 19. Qb4 Rab8 1/2-1/2

[Event "EU-Cup (Women) 26th"]
[Site "Mayrhofen"]
[Date "2022.10.08"]
[Round "6.2"]
[White "Peglau, Dora"]
[Black "Klek, Hanna Marie"]
[Result "0-1"]
[WhiteElo "1745"]
[BlackElo "2301"]
[PlyCount "60"]
[EventDate "2022.10.03"]
[EventType "team-swiss"]
[EventRounds "7"]
[EventCountry "AUT"]
[SourceTitle "CBM 210 Extra"]
[Source "ChessBase"]
[SourceDate "2022.11.30"]
[SourceVersion "1"]
[SourceVersionDate "2022.11.30"]
[SourceQuality "1"]
[WhiteTeam "Seeblick (W)"]
[BlackTeam "Mulhouse Philidor (W)"]
[WhiteTeamCountry "AUT"]
[BlackTeamCountry "FRA"]

1. Nf3 d5 2. d4 e6 3. c4 a6 4. cxd5 exd5 5. Nc3 Be6 6. Bf4 Bd6 7. Bg3 Nf6 8. e3 0-0 9. Bd3 c6 10. 0-0 Bg4 11. Qc2 Bxf3 12. gxf3 g6 13. Rad1 a5 14. Be2 Na6 15. e4 Nb4 16. Qb1 Nh5 17. a3 Na6 18. Kh1 Bf4 19. b4 axb4 20. axb4 Nc7 21. b5 Qd6 22. Qc2 Ne6 23. bxc6 bxc6 24. e5 Qb4 25. Bxf4 Nhxf4 26. Qd2 Rfb8 27. Rfe1 Ra3 28. Nb1 Qxd2 29. Nxd2 Ra2 30. Bf1 Nxd4 0-1

[Event "EU-Cup (Women) 26th"]
[Site "Mayrhofen"]
[Date "2022.10.03"]
[Round "1.4"]
[White "Klek, Hanna Marie"]
[Black "Fataliyeva, Ulviyya Hasil Qizi"]
[Result "0-1"]
[WhiteElo "2301"]
[BlackElo "2422"]
[PlyCount "74"]
[EventDate "2022.10.03"]
[EventType "team-swiss"]
[EventRounds "7"]
[EventCountry "AUT"]
[SourceTitle "CBM 210 Extra"]
[Source "ChessBase"]
[SourceDate "2022.11.30"]
[SourceVersion "1"]
[SourceVersionDate "2022.11.30"]
[SourceQuality "1"]
[WhiteTeam "Mulhouse Philidor (W)"]
[BlackTeam "Odlar Yurdu (W)"]
[WhiteTeamCountry "FRA"]
[BlackTeamCountry "AZE"]

1. e4 e6 2. d4 d5 3. e5 c5 4. c3 Qb6 5. Nf3 Bd7 6. Bd3 cxd4 7. Nxd4 Bc5 8. 0-0 Bxd4 9. cxd4 Qxd4 10. Nc3 Nc6 11. Nb5 Qxe5 12. Re1 Qb8 13. Qg4 Kf8 14. Bf4 e5 15. Qxd7 Nf6 16. Qd6+ Qxd6 17. Nxd6 exf4 18. Rac1 Rb8 19. Nxb7 Rxb7 20. Rxc6 Re7 21. Rxe7 Kxe7 22. Rc7+ Ke6 23. Rxa7 Rb8 24. b3 f3 25. Rc7 Nh5 26. g3 Nf6 27. Kf1 Ng4 28. Ke1 Kd6 29. Ra7 Re8+ 30. Kd2 f5 31. Bb5 Re5 32. b4 Nxf2 33. a4 Re4 34. Rxg7 Ng4 35. h3 Nh2 36. g4 Rxb4 37. gxf5 Rxb5 0-1

[Event "Olympiad Women-44"]
[Site "Chennai"]
[Date "2022.08.07"]
[Round "9.3"]
[White "Klek, Hanna Marie"]
[Black "Kalaiyalahan, Akshaya"]
[Result "1-0"]
[WhiteElo "2366"]
[BlackElo "2158"]
[PlyCount "95"]
[EventDate "2022.07.29"]
[EventType "team-swiss"]
[EventRounds "11"]
[EventCountry "IND"]
[SourceTitle "CBM 210"]
[Source "ChessBase"]
[SourceDate "2022.10.31"]
[SourceVersion "1"]
[SourceVersionDate "2022.10.31"]
[SourceQuality "1"]
[WhiteTeam "Germany (W)"]
[BlackTeam "England (W)"]
[WhiteTeamCountry "GER"]
[BlackTeamCountry "ENG"]

1. e4 e6 2. d4 d5 3. e5 c5 4. c3 Qb6 5. Nf3 Bd7 6. Bd3 cxd4 7. cxd4 Bb5 8. 0-0 Bxd3 9. Qxd3 Nc6 10. Nc3 Bb4 11. Ne2 Qd8 12. a3 Ba5 13. h4 Nge7 14. h5 h6 15. Ng3 Bb6 16. Be3 Qd7 17. Nh4 0-0 18. b4 Rac8 19. Rad1 f5 20. exf6 Rxf6 21. Qe2 Re8 22. Qg4 a6 23. Rfe1 Ref8 24. Ne2 Bc7 25. Nc1 Nf5 26. Ng6 Re8 27. Nd3 Nxe3 28. Rxe3 Qd6 29. g3 Ne7 30. Nxe7+ Qxe7 31. Rde1 Bd6 32. Qe2 Qf7 33. Nc5 Bxc5 34. bxc5 Rf8 35. f4 Re8 36. Rb1 Rf5 37. Rb6 Qf6 38. Qd1 Qf7 39. Reb3 Re7 40. Qb1 Qxh5 41. Qd3 Qh3 42. Rxb7 Rxb7 43. Rxb7 Rxf4 44. c6 Re4 45. Rb8+ Kf7 46. Qf1+ Qxf1+ 47. Kxf1 Rxd4 48. c7 1-0

[Event "Olympiad Women-44"]
[Site "Chennai"]
[Date "2022.08.01"]
[Round "4.3"]
[White "Ciolacu, Alessia Mihaela"]
[Black "Klek, Hanna Marie"]
[Result "1-0"]
[WhiteElo "2163"]
[BlackElo "2366"]
[PlyCount "85"]
[EventDate "2022.07.29"]
[EventType "team-swiss"]
[EventRounds "11"]
[EventCountry "IND"]
[SourceTitle "CBM 210"]
[Source "ChessBase"]
[SourceDate "2022.10.31"]
[SourceVersion "1"]
[SourceVersionDate "2022.10.31"]
[SourceQuality "1"]
[WhiteTeam "Romania (W)"]
[BlackTeam "Germany (W)"]
[WhiteTeamCountry "ROU"]
[BlackTeamCountry "GER"]

1. d4 Nf6 2. c4 e6 3. Nc3 Bb4 4. f3 c5 5. d5 d6 6. e4 b5 7. dxe6 Bxe6 8. Bf4 0-0 9. Bxd6 Re8 10. Nge2 Bxc4 11. a3 Ba5 12. Bxc5 Nfd7 13. Bf2 Qf6 14. Nd4 Ne5 15. Bxc4 bxc4 16. 0-0 Nbd7 17. Nd5 Qa6 18. Nf5 Nf6 19. Nfe7+ Kh8 20. Qa4 Nxd5 21. Nxd5 Re6 22. b3 Bd8 23. Qxa6 Rxa6 24. f4 Nd3 25. bxc4 Ra4 26. Rfd1 Nxf2 27. Kxf2 Rxc4 28. Kf3 g6 29. Rac1 Ra4 30. Rd3 Kg7 31. g4 h6 32. Rb1 Bb6 33. e5 Rd8 34. Rb4 Ra5 35. Ke4 Bc5 36. Rb7 Ra4+ 37. Kf3 Kf8 38. f5 gxf5 39. gxf5 Bxa3 40. e6 fxe6 41. fxe6 Rxd5 42. Rxd5 Ke8 43. Rdd7 1-0

[Event "BL 2122 (Women)"]
[Site "Germany"]
[Date "2022.05.28"]
[Round "10.1"]
[White "Klek, Hanna Marie"]
[Black "Osmak, Iulija"]
[Result "1-0"]
[WhiteElo "2362"]
[BlackElo "2428"]
[PlyCount "159"]
[EventDate "2021.11.27"]
[EventType "team-tourn"]
[EventRounds "11"]
[EventCountry "GER"]
[SourceTitle "EXT 2023"]
[Source "ChessBase"]
[SourceDate "2022.10.05"]
[SourceVersion "1"]
[SourceVersionDate "2022.10.05"]
[SourceQuality "1"]
[WhiteTeam "Deizisau (W)"]
[BlackTeam "Bad Koenigshofen (W)"]
[WhiteTeamCountry "GER"]
[BlackTeamCountry "GER"]

1. e4 c6 2. d4 d5 3. e5 Bf5 4. h4 h5 5. c4 e6 6. Nc3 Ne7 7. Bg5 dxc4 8. Bxc4 Nd7 9. Nge2 Nb6 10. Bd3 Qd7 11. Ne4 Ned5 12. 0-0 Bxe4 13. Bxe4 Be7 14. Qc1 0-0-0 15. Bf3 f6 16. exf6 gxf6 17. Bd2 Rdg8 18. a4 Na8 19. Qc4 Nab6 20. Qb3 Na8 21. Rfe1 f5 22. Nf4 Nac7 23. Nd3 Bd6 24. Bg5 Qg7 25. Ne5 Be7 26. a5 a6 27. Qc4 Bxg5 28. hxg5 Qe7 29. g6 Qb4 30. Qxb4 Nxb4 31. Ra4 Nbd5 32. Nf7 Nf4 33. Nxh8 Rxh8 34. g7 Rg8 35. g3 Rxg7 36. Kf1 Nfd5 37. Bxh5 f4 38. g4 f3 39. Ra3 Nb5 40. Rxf3 Nxd4 41. Rf7 Rxf7 42. Bxf7 Kd7 43. Re4 c5 44. g5 Ke7 45. Bh5 Nb3 46. Rh4 Nxa5 47. Bf3 Kf7 48. Be4 b5 49. Rh7+ Kg8 50. Ra7 Nf4 51. Ke1 Nc4 52. b3 Na5 53. Bc2 c4 54. bxc4 Nxc4 55. Rxa6 Ne5 56. Ra8+ Kg7 57. Ra7+ Kg8 58. Be4 Nh3 59. Ra8+ Kg7 60. Ra7+ Kg8 61. g6 Nf4 62. Rb7 Nexg6 63. Bxg6 Nxg6 64. Kd2 b4 65. Kd3 b3 66. Kd4 b2 67. Kc5 b1Q 68. Rxb1 Kf7 69. Kd6 Kf6 70. Re1 e5 71. Rg1 Nf4 72. Rg8 Kf5 73. f3 Nd3 74. Rf8+ Kg5 75. Kd5 Nf4+ 76. Ke4 Ng6 77. Rg8 Kf6 78. Rxg6+ Kxg6 79. Kxe5 Kf7 80. Kf5 1-0

[Event "German Masters (Women)"]
[Site "Darmstadt"]
[Date "2022.04.29"]
[Round "8"]
[White "Koepke, Elena"]
[Black "Klek, Hanna Marie"]
[Result "1/2-1/2"]
[WhiteElo "2272"]
[BlackElo "2364"]
[PlyCount "93"]
[EventDate "2022.04.22"]
[EventType "tourn"]
[EventRounds "9"]
[EventCountry "GER"]
[EventCategory "2"]
[SourceTitle "CBM 208 Extra"]
[Source "ChessBase"]
[SourceDate "2022.07.31"]
[SourceVersion "1"]
[SourceVersionDate "2022.07.31"]
[SourceQuality "1"]

1. e4 e5 2. Nf3 Nc6 3. d4 exd4 4. Nxd4 Nf6 5. Nxc6 bxc6 6. e5 Qe7 7. Qe2 Nd5 8. h4 d6 9. c4 Nb6 10. exd6 cxd6 11. Bf4 Be6 12. Nd2 d5 13. Be5 f6 14. Bd4 Kf7 15. c5 Nd7 16. Nb3 a5 17. Be3 Qe8 18. Rc1 a4 19. Nd4 Nxc5 20. Qc2 Bd7 21. Be2 Ne4 22. 0-0 c5 23. Nf3 Bd6 24. Rfd1 Bc6 25. Bd3 Qe6 26. Bxe4 dxe4 27. Bxc5 Bxc5 28. Qxc5 exf3 29. Qxc6 Qxc6 30. Rxc6 Rhb8 31. Rc7+ Kg6 32. Rdd7 Rxb2 33. Rxg7+ Kf5 34. Rc5+ Ke6 35. Rc6+ Ke5 36. Re7+ Kf5 37. Rf7 fxg2 38. Rfxf6+ Ke5 39. Rfe6+ Kf5 40. Rf6+ Ke5 41. Kxg2 Rxa2 42. Rfe6+ Kf5 43. Re3 a3 44. Rc5+ Kf6 45. Rc6+ Kf5 46. Rc5+ Kf6 47. Rc6+ 1/2-1/2